| 000 | 00513nam a2200205Ia 4500 | ||
|---|---|---|---|
| 003 | OSt | ||
| 005 | 20250519164312.0 | ||
| 008 | 210210b1997 xxu||||| |||| 00| 0 eng d | ||
| 020 | _a81 85842 701 | ||
| 040 | _cAL | ||
| 041 | _aeng | ||
| 082 | _a327 SRII | ||
| 245 | _aInternational relations | ||
| 260 |
_aMeerut _bGoel Publishing House _c1997 |
||
| 300 | _axii,296p. | ||
| 650 |
_aInternational relations text _9210448 |
||
| 690 |
_aInternational Relations _9210449 |
||
| 906 | _a053878 | ||
| 942 |
_2ddc _cBK |
||
| 999 |
_c101742 _d101742 |
||